[Event "NED-chT 1213"]
[Site "Netherlands"]
[Date "2013.03.09"]
[Round "7.7"]
[White "Kabatianski, Alexander"]
[Black "Diepeveen, Vincent"]
[Result "1/2-1/2"]
[WhiteElo "2404"]
[BlackElo "2264"]
[PlyCount "255"]
[EventDate "2012.09.15"]
[EventType "team-tourn"]
[EventRounds "9"]
[EventCountry "NED"]
[SourceTitle "EXT 2014"]
[Source "ChessBase"]
[SourceDate "2013.11.20"]
[SourceVersion "1"]
[SourceVersionDate "2013.11.20"]
[SourceQuality "1"]
[WhiteTeam "Apeldoorn"]
[BlackTeam "Utrecht"]
[WhiteTeamCountry "NED"]
[BlackTeamCountry "NED"]

1. Nf3 d5 2. c4 c6 3. e3 Nf6 4. Nc3 Bg4 5. h3 Bxf3 6. Qxf3 e6 7. b3 Nbd7 8. Bb2 Bd6 9. g4 h6 10. Bg2 Qe7 11. Qe2 0-0-0 12. d4 dxc4 13. bxc4 e5 14. 0-0 exd4 15. exd4 Qxe2 16. Nxe2 Rhe8 17. Ng3 Bf4 18. d5 c5 19. Rfe1 g6 20. Bf1 Be5 21. Bxe5 Rxe5 22. f4 Rxe1 23. Rxe1 Re8 24. Kf2 Kc7 25. Rxe8 Nxe8 26. Ke3 Nd6 27. Kd2 a6 28. Kc3 Nf6 29. Bd3 b5 30. a3 bxc4 31. Bxc4 Nxc4 32. Kxc4 Kd6 33. g5 hxg5 34. fxg5 Nxd5 35. Ne4+ Kc6 36. Nxc5 Ne3+ 37. Kd3 Kxc5 38. Kxe3 Kc4 39. Ke4 Kb3 40. Ke5 Kxa3 41. Kf6 a5 42. Kxf7 a4 43. Kxg6 Kb2 44. Kh7 a3 45. g6 a2 46. g7 a1Q 47. g8Q Qe1 48. Qg7+ Ka3 49. Qf8+ Ka2 50. Qf5 Qh4+ 51. Kg6 Qg3+ 52. Kh5 Qg7 53. h4 Ka1 54. Qg6 Qe5+ 55. Kg4 Qe2+ 56. Kg5 Qe3+ 57. Kh5 Qe5+ 58. Kh6 Qh8+ 59. Kg5 Qe5+ 60. Qf5 Qg3+ 61. Kh5 Qg7 62. Qg5 Qh7+ 63. Kg4 Qe4+ 64. Kg3 Qe1+ 65. Kf4 Qf2+ 66. Ke5 Qc5+ 67. Ke6 Qc8+ 68. Ke7 Qc7+ 69. Kf8 Qd6+ 70. Kg7 Qd7+ 71. Kh8 Qe8+ 72. Kh7 Qe4+ 73. Kh6 Ka2 74. h5 Qe6+ 75. Kg7 Qd7+ 76. Kh8 Ka3 77. h6 Qe8+ 78. Kg7 Qd7+ 79. Kf8 Qc8+ 80. Kf7 Qc4+ 81. Kg7 Qc7+ 82. Kg6 Qc6+ 83. Qf6 Qe8+ 84. Kg7 Qd7+ 85. Kf8 Qc8+ 86. Kf7 Qc4+ 87. Kg7 Qg4+ 88. Kf7 Qc4+ 89. Qe6 Qf4+ 90. Ke8 Qb8+ 91. Kf7 Qf4+ 92. Qf6 Qc4+ 93. Kg7 Qg4+ 94. Qg6 Qd4+ 95. Kh7 Qd7+ 96. Kg8 Qd8+ 97. Kg7 Qe7+ 98. Qf7 Qg5+ 99. Kh7 Ka4 100. Qe6 Ka3 101. Kh8 Ka4 102. Qd7+ Ka3 103. Qg7 Qd8+ 104. Kh7 Qd3+ 105. Kg8 Qd5+ 106. Kf8 Qd8+ 107. Kf7 Qd7+ 108. Kf6 Qd4+ 109. Kf5 Qd3+ 110. Ke5 Qc3+ 111. Kd5 Qa5+ 112. Kc4 Qa4+ 113. Kd3 Qb5+ 114. Kd2 Qd5+ 115. Ke2 Qe4+ 116. Kf2 Qf4+ 117. Kg2 Qe4+ 118. Kh3 Qh1+ 119. Kg3 Qg1+ 120. Kf3 Qf1+ 121. Ke4 Qe2+ 122. Kd5 Qd3+ 123. Kc6 Qa6+ 124. Kd7 Qb7+ 125. Kd8 Qb8+ 126. Ke7 Qc7+ 127. Kf8 Qd8+ 128. Kf7 1/2-1/2

[Event "BEL-chT 1213"]
[Site "Belgium"]
[Date "2013.01.13"]
[Round "7.4"]
[White "Diepeveen, Vincent"]
[Black "Saiboulatov, Danial"]
[Result "0-1"]
[WhiteElo "2264"]
[BlackElo "2380"]
[PlyCount "68"]
[EventDate "2012.09.23"]
[EventType "team-tourn"]
[EventRounds "11"]
[EventCountry "BEL"]
[SourceTitle "EXT 2014"]
[Source "ChessBase"]
[SourceDate "2013.11.20"]
[SourceVersion "1"]
[SourceVersionDate "2013.11.20"]
[SourceQuality "1"]
[WhiteTeam "Borgerhout"]
[BlackTeam "Charleroi CREC"]
[WhiteTeamCountry "BEL"]
[BlackTeamCountry "BEL"]

1. e4 e6 2. d4 d5 3. Nc3 Bb4 4. e5 c5 5. a3 Bxc3+ 6. bxc3 Qc7 7. Qg4 f5 8. Qg3 cxd4 9. cxd4 Nc6 10. Nf3 Nge7 11. Kd1 0-0 12. Rb1 Bd7 13. Bd3 Be8 14. Qg5 f4 15. h4 Bg6 16. Bxg6 Nxg6 17. h5 Rf5 18. Qg4 Nf8 19. Bxf4 Rc8 20. Rc1 Qa5 21. Rh3 Qa4 22. Be3 Qxa3 23. Ng5 Qe7 24. f4 h6 25. Nf3 Qf7 26. Qh4 Na5 27. Ra1 Nc4 28. Bc1 a5 29. Rh1 b5 30. Qh2 Qc7 31. g4 Rf7 32. g5 hxg5 33. Nxg5 Rf5 34. Qh3 Nb2+ 0-1